Il piccolo diavolo /

Uloženo v:
Podrobná bibliografie
Hlavní autor: Lurie, Evan (Skladatel)
Další autoři: Cerami, Vincenzo, (1940-2013) (Scénárista), Benigni, Roberto, (1952- ) (Herec, Režisér), Müller, Robby (Fotograf), Bertolucci, Giuseppe (Scénárista), Matthau, Walter (Herec), Sandrelli, Stefania (Herec), Braschi, Nicoletta (Herec), Piperno, Giacomo (Herec)
Médium: Video
Jazyk:italština
Vydáno: [Roma] : L'Unità, c1996
Edice:Cinema Italia ; 1
Capolavori italiani
Tagy: Přidat tag
Žádné tagy, Buďte první, kdo vytvoří štítek k tomuto záznamu!

MARC

LEADER 00000ngm a22000007i 4500
001 IT\ICCU\RAV\0278974
003 ItRI
005 20260124182907.0
008 960913s1996 it |||||||||||||||k|||||c
040 |b ita 
041 7 |a ita  |2 ISO-639-2 
082 |a 791.43618  |9 CINEMA. TIPI DI FILM. FILM COMICI  |2 20 
130 3 |a Il piccolo diavolo <film ; 1988>  |3 IT\ICCU\RAV\0953866 
245 0 3 |a Il piccolo diavolo /  |c diretto da Roberto Benigni ; soggetto di Giuseppe Bertolucci, Vincenzo Cerami e Roberto Benigni ; sceneggiatura di Vincenzo Cerami e Roberto Benigni ; direttore della fotografia Robby Muller ; musiche composte e dirette da Evan Lurie. 
260 |a [Roma] :  |b L'Unità,  |c c1996 
300 |a 1 videocassetta (VHS) (101 min.) :  |b color., son 
500 |a Tit. del contenitore 
500 |a Film del 1988, Italia; interpreti: Roberto Benigni, Walter Matthau, Nicoletta Braschi, Stefania Sandrelli, Giacomo Piperno 
500 |a Suppl. a: L'Unità. 
700 1 |a Cerami, Vincenzo,  |d  (1940-2013)  |0 IT\ICCU\CFIV\013894  |4 sce 
700 1 |a Benigni, Roberto,  |d  (1952- )  |0 IT\ICCU\CFIV\043321  |4 act 
700 1 |a Benigni, Roberto,  |d  (1952- )  |0 IT\ICCU\CFIV\043321  |4 drt 
700 1 |a Müller, Robby  |0 IT\ICCU\LO1V\275243  |4 pht 
700 1 |a Bertolucci, Giuseppe  |0 IT\ICCU\RAVV\029079  |4 sce 
700 1 |a Matthau, Walter  |0 IT\ICCU\RAVV\088593  |4 act 
700 1 |a Sandrelli, Stefania  |0 IT\ICCU\RAVV\088757  |4 act 
700 1 |a Braschi, Nicoletta  |0 IT\ICCU\RAVV\097359  |4 act 
700 1 |a Piperno, Giacomo  |0 IT\ICCU\RAVV\281688  |4 act 
700 1 |a Lurie, Evan  |0 IT\ICCU\UFIV\121892  |4 cmp 
830 0 |a Cinema Italia ;  |v 1  |0 IT\ICCU\RAV\0278975 
830 0 |a Capolavori italiani  |0 IT\ICCU\RAV\0279143 
942 |2 ddc  |c VM  |n 0 
952 |0 0  |1 0  |4 0  |6 VO_870_000000000000000  |7 0  |9 27699  |a BO  |b BO  |d 2026-01-24  |i 7832  |l 0  |o VO 870  |p BO7832  |r 2026-01-24 18:29:07  |w 2026-01-24  |x [Sebina 5] [1 videocassetta]  |y VM  |z 1 videocassetta 
999 |c 23475  |d 23475